| 000 | 00489pab a2200169 454500 | ||
|---|---|---|---|
| 008 | 180718b2002 xxu||||| |||| 00| 0 eng d | ||
| 100 | _aIyyampillai, S. | ||
| 245 | _aDeterminants of intensity of non-farm employment at household level in Tamil villages | ||
| 260 | _c2002 | ||
| 300 | _ap.24-34. | ||
| 362 | _aJul-Dec | ||
| 650 | _aEmployment - India - Tamil Nadu | ||
| 650 | _aEmployment | ||
| 700 | _aJayakumar, N. | ||
| 773 | _aPolitical Economy Journal of India | ||
| 909 | _a55470 | ||
| 999 |
_c55470 _d55470 |
||